Новая реальность: экономика, менеджмент, социальные коммуникации (Запись № 12483598)

Подробности
000 -МАРКЕР
контрольное поле 02669nam1a2200349 i 4500
001 - ИДЕНТИФИКАТОР ЗАПИСИ
контрольное поле RU\NLR\BIBL_A\022011033
005 - ИДЕНТИФИКАТОР ВЕРСИИ
контрольное поле 20241103113012.0
010 ## - МЕЖДУНАРОДНЫЙ СТАНДАРТНЫЙ НОМЕР КНИГИ (ISBN)
Номер (ISBN) 9785001049586
Уточнения общ.
035 ## - ДРУГИЕ СИСТЕМНЫЕ НОМЕРА
Идентификатор записи (NLR Aleph) 022011033
100 ## - ДАННЫЕ ОБЩЕЙ ОБРАБОТКИ
Данные общей обработки 20230824d2023 k y0rusy50 ca
101 0# - ЯЗЫК РЕСУРСА
Язык текста, звукозаписи и т.д. русский
-- английский
102 ## - СТРАНА ПУБЛИКАЦИИ ИЛИ ПРОИЗВОДСТВА
Страна публикации Российская Федерация
105 ## - ПОЛЕ КОДИРОВАННЫХ ДАННЫХ: ТЕКСТОВЫЕ МАТЕРИАЛЫ, МОНОГРАФИЧЕСКИЕ
Кодированные данные о монографическом текстовом документе | z |||||
181 #0 - ПОЛЕ КОДИРОВАННЫХ ДАННЫХ: ВИД СОДЕРЖАНИЯ
Код вида содержания (ISBD) i
Код характеристики содержания (ISBD) axxe
182 #0 - ПОЛЕ КОДИРОВАННЫХ ДАННЫХ: ТИП СРЕДСТВА
Код типа средства (ISBD) n - непосредственное
200 1# - ЗАГЛАВИЕ И СВЕДЕНИЯ ОБ ОТВЕТСТВЕННОСТИ
Основное заглавие Новая реальность: экономика, менеджмент, социальные коммуникации
Сведения, относящиеся к заглавию материалы Всероссийской научно-практической конференции с международным участием (г. Новосибирск, 19-20 апреля 2023 г.)
-- в 2 частях
Первые сведения об ответственности Министерство науки и высшего образования Российской Федерации, Новосибирский государственный педагогический университет, [Институт менеджмента и социальных коммуникаций]
Последующие сведения об ответственности редакционная коллегия: канд. психол. наук, доц. И. В. Архипова [и др.]
203 ## - ВИД СОДЕРЖАНИЯ И ТИП СРЕДСТВА
Вид содержания Текст
Дополнительные сведения об издании визуальный
Тип средства непосредственный
210 ## - ПУБЛИКАЦИЯ, РАСПРОСТРАНЕНИЕ И ДР.
Место издания, распространения и т.д. Новосибирск
Имя издателя, распространителя и т. д. Новосибирский государственный педагогический университет
Дата издания, распространения и т.д. 2023
215 ## - ФИЗИЧЕСКАЯ ХАРАКТЕРИСТИКА
Размеры 21
606 ## - НАИМЕНОВАНИЕ ТЕМЫ КАК ПРЕДМЕТ
Наименование темы Экономика
Формальный подзаголовок Съезды, совещания и т.п
Системный номер авторитетной/нормативной записи 1414491
Идентификатор авторитетной/нормативной записи RU\NLR\AUTH\66284709
606 1# - НАИМЕНОВАНИЕ ТЕМЫ КАК ПРЕДМЕТ
Наименование темы Коммуникации социальные
Формальный подзаголовок Съезды, совещания и т.п
Системный номер авторитетной/нормативной записи 2074834
Идентификатор авторитетной/нормативной записи RU\NLR\AUTH\661249852
686 1# - ИНДЕКСЫ ДРУГИХ КЛАССИФИКАЦИЙ
Индекс У.я431
686 1# - ИНДЕКСЫ ДРУГИХ КЛАССИФИКАЦИЙ
Индекс С550.74я431
702 #1 - ИМЯ ЛИЦА - ВТОРИЧНАЯ ОТВЕТСТВЕННОСТЬ
Код отношения Редактор
Графика поля Кириллица
Материалы, к которым относится поле rus
Начальный элемент ввода Архипова
Часть имени, кроме начального элемента ввода И. В.
Дополнения к именам, кроме дат канд. психол. наук
Расширение инициалов личного имени Ирина Витальевна
Системный номер авторитетной/нормативной записи 221873
Идентификатор авторитетной/нормативной записи RU\NLR\AUTH\770221929
711 12 - НАИМЕНОВАНИЕ ОРГАНИЗАЦИИ - АЛЬТЕРНАТИВНАЯ ОТВЕТСТВЕННОСТЬ
Начальный элемент ввода "Новая реальность: экономика, менеджмент, социальные коммуникации", всероссийская научно-практическая конференция с международным участием
Место проведения временной организации Новосибирск
Дата проведения временной организации 2023
Системный номер авторитетной/нормативной записи 858600
Идентификатор авторитетной/нормативной записи RU\NLR\AUTH\880596732
712 02 - НАИМЕНОВАНИЕ ОРГАНИЗАЦИИ - ВТОРИЧНАЯ ОТВЕТСТВЕННОСТЬ
Код отношения Организатор конференции
Начальный элемент ввода Новосибирский государственный педагогический университет
Структурное подразделение Институт менеджмента и социальных коммуникаций
Системный номер авторитетной/нормативной записи 629462
Идентификатор авторитетной/нормативной записи RU\NLR\AUTH\880484513
852 ## - МЕСТОНАХОЖДЕНИЕ И ШИФР ХРАНЕНИЯ
Идентификатор организации NLR
Шифр хранения (Call Number) 2023-3/17812
942 ## - ДОПОЛНИТЕЛЬНЫЕ ЭЛЕМЕНТЫ ЗАПИСИ (АБИС)
Тип экземпляра АБИС Книга

Нет доступных экземпляров.